|
|
|
|
| LEADER |
00000nam0a2200000 4500 |
| 001 |
262190 |
| 005 |
20231101233629.0 |
| 010 |
|
|
|a 5020084336
|
| 035 |
|
|
|a (RuTPU)RU\TPU\book\285172
|
| 090 |
|
|
|a 262190
|
| 100 |
|
|
|a 20140530d1988 k y0rusy50 ca
|
| 101 |
0 |
|
|a rus
|
| 102 |
|
|
|a RU
|
| 105 |
|
|
|a y z 001zy
|
| 200 |
1 |
|
|a Империалистическая интервенция на Дону и Северном Кавказе
|f Академия наук СССР (АН СССР) ; под ред. И. И. Минца
|
| 210 |
|
|
|a Москва
|c Наука
|d 1988
|
| 215 |
|
|
|a 260 с.
|c ил.
|
| 320 |
|
|
|a Библиография в конце разделов.
|
| 606 |
1 |
|
|a Иностранная военная интервенция в России
|z 1918-1920
|2 stltpush
|3 (RuTPU)RU\TPU\subj\66198
|9 82411
|
| 610 |
1 |
|
|a интервенция
|
| 610 |
1 |
|
|a Гражданская война 1918-1921
|
| 610 |
1 |
|
|a Антанта
|
| 610 |
1 |
|
|a Дон
|
| 610 |
1 |
|
|a Северный Кавказ
|
| 610 |
1 |
|
|a контрреволюционный мятеж
|
| 686 |
|
|
|a Т3(2)612
|v LBC/SL-A
|2 rubbk
|
| 702 |
|
1 |
|a Минц
|b И. И.
|4 340
|
| 712 |
0 |
2 |
|a Академия наук СССР (АН СССР)
|2 stltpush
|3 (RuTPU)RU\TPU\col\722
|
| 801 |
|
1 |
|a RU
|b 63413507
|c 20140530
|
| 801 |
|
2 |
|a RU
|b 63413507
|c 20150430
|g RCR
|
| 942 |
|
|
|c BK
|